00624nam a2200205 a 450000100060000000300080000600500170001400800390003103500190007004000270008904100080011608200210012424501130014526000470025830000270030550400200033265000150035270000310036770000200039833255BD-RjUL20211209051955.0140430r19611956nyu 001 0 eng a(BD-RjUL)33346 aDLCcWSUdBD-RjULbeng aeng a301.01bSOC 196100aSociological theory :bpresent-day sociology from the past /cedited by Edgar F. Borgatta and Henry J. Meyer aNew York :bKnopf,c1956 [Reprinted 1961]. axvii, 546 p. ;c24 cm. aIncludes index. 0aSociology.1 aBorgatta, Edgar F.,d1924-1 aMeyer, Henry J.